000 01524nam a22003617a 4500
001 0043351
003 KOHA_MİRAKIL
005 20260207003345.0
007 ta
008 130902b2013 tu a|||gr||||#||||0|tur |
020 _a9789750222979
040 _aTR-BiSEU
_btur
_cTR-BiSEU
_erda
041 0 _atur
044 _ctu
050 _aTK5102.92
_b.G39 2013
100 1 _aGazi, Orhan.
245 1 _aSinyaller ve sistemler/
_cOrhan Gazi ; Orhan Gazi.
246 _a[200'ü çözümlü, 300 örnek soru] : sinyaller ve sistemlere giriş : sürekli zamanlı sinyallerin işlenmesi : ayrık zamanlı sinyallerin işlenmesi : enerji, güç, evrişim sistemler : sürekli zamanlı sinyallerin fourier analizi : ayrık zamanlı sinyallerin fourier analizi ; laplace dönüşüm ; laplace dönüşümünde yakınsama bölgesi ; z dönüşüm ; z dönüşümde yakınsama bölgesi ; çift tonlu çoklu frekansın goertzel algoritmasın ile sezimlenmesi
264 1 _aAnkara :
_bSeçkin
_c2013
300 _a328 sayfa :
_bresimli ;
_c24 cm.
336 _ametin
_btxt
_2rdacontent
337 _aaracısız
_bn
_2rdamedia
338 _acilt
_bnc
_2rdacarrier
490 1 _aTeknik ;
_vno.
490 1 _a162.
500 _aDizin var.
500 _aKaynakça var.
650 0 _aİşaret teorisi (Telekomünikasyon)--Problemler, alıştırmalar, vb.
_91492
650 0 _aSignal theory (Telecommunication)--Problems, exercises, etc.
_91493
830 1 _aTeknik ;
_vno.
_94136
830 1 _a162.
_980799
942 _2lcc
_cBK
999 _c43172
_d43172